City Landscape Facilities Dong, Xiaoming (Record no. 8003)

000 -LEADER
fixed length control field 00266nam a22001097a 4500
008 - FIXED-LENGTH DATA ELEMENTS--GENERAL INFORMATION
fixed length control field 200616b ||||| |||| 00| 0 eng d
020 ## - INTERNATIONAL STANDARD BOOK NUMBER
International Standard Book Number 9787561135938
082 ## - DEWEY DECIMAL CLASSIFICATION NUMBER
Classification number 301.36
100 ## - MAIN ENTRY--PERSONAL NAME
Personal name 9787561135938
245 ## - TITLE STATEMENT
Title City Landscape Facilities Dong, Xiaoming
942 ## - ADDED ENTRY ELEMENTS (KOHA)
Source of classification or shelving scheme
Holdings
Withdrawn status Lost status Source of classification or shelving scheme Damaged status Koha normalized classification for sorting Not for loan Permanent location Current location Date acquired Full call number Barcode Date last seen Price effective from Koha item type Public note
        301_360000000000000   BMS College of Architecture, Design and Planning BMS College of Architecture, Design and Planning 2020-06-16 301.36 AR-UG1626 2020-06-16 2020-06-16 UG Books S-10
Copyright © 2025, The Librarian, Library and Information Centre, BMSCA D&P, Bengaluru. All Rights Reserved
web counter

Powered by Koha